000 00317nam a2200133 i 4500
001 bg
100 1 _aROZENDORN, E. R.
245 0 _aZadaci po differencialnoj geometrii /
_cE.R. Rozendorn.
260 _aMoskva,
_c1971.
040 _cBPK
041 _apol
942 _cKS
008 s pl f |000 0 pol
999 _c25449
_d25449
856 _uhttp://koha.tu.koszalin.pl/cgi-bin/koha/opac-detail.pl?biblionumber=25449
_yKatalog online BPK